| 000 | 01463ny a22003373n 4500 | ||
|---|---|---|---|
| 005 | 20240305165332.0 | ||
| 008 | 940218c19929999ck fr p glw 0 0spa | ||
| 010 | _a94655524 | ||
| 022 | _a0121-8697 | ||
| 035 | _a2696 | ||
| 040 |
_aDLC _cDLC _dvLex |
||
| 050 | 0 | 0 |
_aK19 _b.D32513 |
| 050 | 0 | 0 |
_aK19 _b.D32513 |
| 082 | 0 | 0 |
_a348.861 _a348.6108 _220 |
| 090 |
_c1596 _d1596 |
||
| 130 | 0 | _aRevista de derecho (Barranquilla, Colombia) | |
| 245 | 0 | 0 |
_aRevista de derecho _h[Recurso electrónico] _cDivisión de Ciencias Jurídicas de la Universidad del Norte |
| 246 | 3 | _aCiencias jurídicas | |
| 256 | _aServicio en línea | ||
| 260 |
_aBarranquilla, Colombia : _bDivisión de Ciencias Jurídicas de la Universidad del Norte |
||
| 310 | _aSemestral | ||
| 506 | 1 |
_aContenido solo disponible en los productos indicados _dvLex Global _dvLex Global (Academic Edition, excluding Law Schools) _dvLex Global (U.S. Academic Edition, Law Schools) _dvLex Global (U.S. Academic Edition, excluding Law Schools) _dvLex Global (Academic Edition, Law Schools) |
|
| 650 | 0 | 4 |
_aDerecho _xPublicaciones periódicas |
| 650 | 0 | 4 |
_aDerecho _zColombia _xPublicaciones periódicas |
| 710 | 2 |
_aUniversidad del Norte (Barranquilla, Colombia). _bDivisión de Ciencias Jurídicas |
|
| 740 | 0 | _avLex Revista (Servicios en línea) | |
| 843 | _aElectrónica. Abierta | ||
| 853 |
_81 _i(year) _j(month) _k(day) |
||
| 856 | 4 | 0 | _uhttp://vlex.com/account/login_ip?fuente_id=2696 |
| 942 | _cRAA | ||
| 999 |
_c160062 _d160062 |
||